000 00722nam a2200217 i 4500
001 64919
003 ES-MaACL
007 t|
008 040107s1974 mx ||||1| spa d
100 1 _aFoster, George M.
_951904
245 1 0 _aAntropología aplicada /
_cGeorge M. Foster ; [traducción de Ana Zagury].
250 _a1ª ed. en español.
260 _aMéxico :
_bFondo de Cultura Económica,
_c1974.
300 _a348 p. ;
_c18 cm.
490 1 _aBreviarios del Fondo de Cultura Económica ;
_v232
504 _aBibliografía: p. 327-341.
700 1 _aZagury, Ana.
_9117843
830 0 _aBreviarios del Fondo de Cultura Económica ;
_v232
_9179682
852 _aES-MaACL
_jL-8297
_bR.109083
999 _c64919
_d64919